04496nam a2200313 a 4500001001000000003000400010005001700014008004100031020001500072040002500087082002700112100004500139245017300184250001200357260009700369300003500466500003900501500003500540500007000575504003100645505200200676505114202678600006103820600010203881651007403983651005004057700004204107700003304149000015127OSt20250621074005.0090709s2009 dr c 001 f spa d z9993427098 aDO-SdBNPbspacBNPHU 4a972.93053bR696m, 20091 aRodríguez Demorizi, Emilio,d1908-198613aLa muerte de Trujillo según sus autores y los papeles de Ramfis Trujillo /cEmilio Rodríguez Demorizi ; editor Bernardo Vega ; prólogo Clara Rodríguez Demorizi. a3a. ed. aSanto Domingo :bFundación Rodríguez Demorizi :bFundación Cultural Dominicana,c2009. a243 p. :bil., retrs. ;c2009. aEn la cubierta: segunda edición. aIncluye índice onomástico. aIncluye datos biográficos del autor en la solapa de la cubierta aBibliográfía : p. 231.2 tPrólogo /rClara Rodríguez Demorizi --tIntroducción /rBernardo Vega --tUna demaciado breve misión diplomática --tCincuenta y tres días --tOpiniones de Luis Amiama, de Ramfis Trujillo y del Lic. Temístocles Messina sobre el papel de Emilio Rodríguez Demorizi en la liberación de varias personas apresadas con motivo de la muerte de Trujillo --tLa muerte de Trujillo según sus autores --tAntecedentes --tDeclaraciones de los héroes del 30 de mayo dadas el 18 de noviembre de 1961 comparadas con las ofrecidas bajo tortura a principios de junio de ese año --tModesto E. Díaz Quezada --tRoberto Pastoriza Neret --tPedro Livio Cedeño --tLuis Salvador Estrella Sadhalá --tHuáscar Tejeda --tLuis Manuel ( Tunti ) Cáceres Michel --tLas armas utilizadas en la muerte de Trujillo, por Bernardo Vega --tCertificado médico del Dr. Francisco González Cruz, E. N. --tDeclaraciones de Antonio Imbert a Francisco ( Pancho ) Aguirre, en abril de 1964 --tLas dos declaraciones del chofer de Trujillo-- Notas a manos de Rodríguez Demorizi --tCarta de Tomás Báez Díaz a Homero Hernández, de agosto de 1981 --tDeclaración de Horacio Frías, ex jefe de la Penitenciaría Nacional de La Victoria --tEntrevista hecha a Ramfis por el periodista cubano José Suárez Núñez, en enero de 1966, en la revista venezolana Elite -- La carta de Ramfis a José Suárez Núñez --tDos opiniones personales de Rodríguez Demorizi --tAmiama Tió involucra a Rafael Vidal en el complot --tOpinión de Ramfis Trujillo sobre los que mataron a su padre --tEl papel de José René ( Pupo ) Román Fernández en el complot --tNotas tomadas por Rodríguez Demorizi sobre una conversación con Ramfis en febrero de 1966 --tCarta pública de los hijos de Román Fernández--tReacción pública de Ramfis a la declaración de los hijos de Román Fernández --tRedacción pública de Ramfis a la declaración de los hijos de Román .2 tCarta de Octavio ("Tavito") Balcácel --tCarta de Fernando A. ("Tunti") Sánchez Otero a Ramfis, sobre "Pupo" Román --tOpinión de Horacio Frías, ex jefe del penal de La Victoria, sobre "Pupo" Román --tLas negociaciones políticas de Ramfis Trujillo con los norteamericanos, Junio-Noviembre de 1961 --tAntecedentes --tMemorándum de Ramfis crítico de Balaguer --tMemorándum de Charles MacLaughlin sobre su reunión con Robert Murphy, el 7 de agosto de 1961 --tLo negociado con McGhee y las exigencias de la OEA --tLas memorias de McGhee --tCarta de J. Arismendy ("Petán") Trujillo, de 1962 --tOtros asuntos --tLas 44 preguntas hechas por Rodríguez Demorizi a Ramfis --tSantiago Rey y el enterramiento de Trujillo en París --tOpinión de Ramfis Trujillo sobre Anselmo Paulino Álvarez --tOpinión de Ramfis Trujillo sobre Mayobanex Vargas --tOpinión del coronel Miguel Ángel Hernando Ramírez sobre Trujillo, José rené Román, Luis Amiama Tió y Antonio Imbert y reacción de Ramfis Trujillo a esos comentarios --tFuentes de los documentos --tBibliografía --tÍndice onomástico.10aTrujillo Molina, Rafael Leónidas, d1891-1961xMuerte14a Trujillo Martínez, Rafael Leónidas, c(Ramfis),d1929-1969xCorrespondencias, memorias, etc. 4aRepública DominicanaxHistoriayEra de Trujillo, 1930-1961xFuentes 0aRepública DominicanaxPolítica y gobierno1 aRodríguez Demorizi, Clara,epról.1 aVega, Bernardo,d1938 -eed.